| 000 | 00000nam##2200000za#4500 |
| 001 | 9.640584 |
| 003 | CaOODSP |
| 005 | 20210624222738 |
| 007 | cr ||||||||||| |
| 008 | 150407|1998||||xxc|||||o f|0| 0 fre|d |
| 040 | |aCaOODSP|bfre |
| 043 | |an-cn--- |
| 086 | 1 |aF2-216/1998F-PDF |
| 110 | 1 |aCanada. |bMinistère des finances. |
| 245 | 10|aAvant-projet de modification de la Loi de l'impôt sur le revenu concernant la démutualisation des compagnies d'assurance : |h[ressource électronique]|bnotes explicatives |
| 260 | |aOttawa - Ontario : |bFinances Canada |c1988. |
| 300 | |a24p. |
| 590 | |a12-33-Supp|b2012-07-18 |
| 691 | 07|aCompagnie d'assurances|2gcpds |
| 691 | 07|aImpôt sur le revenu|2gcpds |
| 691 | 07|aLégislation|2gcpds |
| 775 | 08|tExplanatory notes to draft income tax legislation on demutualization of insurance companies |w(CaOODSP)9.696469 |
| 856 | 40|ahttp://publications.gc.ca|qPDF|s62 Ko|uhttps://publications.gc.ca/collections/Collection/F2-216-1998-fra.pdf |